POUŽITIE METÓDY KONEČNÝCH PRVKOV PRE STATICKÉ VÝPOČTY NOSNÝCH ČASTÍ NÁBYTKU

Bibliographic Details
Main Author: Joščák, Pavol, 1951- (Author)
Format: Article
Language:Slovak

MARC

LEADER 00000nab a2200000 a 4500
001 vtls011125046
003 SK-MaSNL
005 20260303143915.0
008 230222|1989 xo |||||||||||||||||slo|
015 |a SNBRB 
035 |a (uuid)506342a5-f210-4310-9f70-01c58d471c54 
035 |a (urnnbn)urn:nbn:sk:snk:ar-a098l6 
035 |a urn:nbn:sk:snk-aba1am 
040 |a SNKBUCL  |b slo  |c SNKBUCL  |e AACR2 
041 0 |a slo 
044 |a xo  |c SK 
100 1 |a Joščák, Pavol,  |d 1951-  |4 aut  |9 223772 
245 1 0 |a POUŽITIE METÓDY KONEČNÝCH PRVKOV PRE STATICKÉ VÝPOČTY NOSNÝCH ČASTÍ NÁBYTKU  |c Pavol Joščák 
773 0 |t Zborník vedeckých prác Drevárskej fakulty Vysokej školy lesníckej a drevárskej vo Zvolene  |g Č. 1 (1989), s. 181-191 
954 |a odborná, vedecká literatúra pôvodná (slovenská)  |2 lita 
958 |a OND 
958 |a EUIPO 
958 |a article13 
999 |c 1993021  |d 1994951